Idioms by Literal Phrases Quiz Stats

Quiz not verified by Sporcle

Challenge
Share
Tweet
Embed
Score 0/32 Timer 06:00
0 Plays Today
Literal Meaning Idiom % Correct
Geniuses have similar thoughtsGreat Minds Think Alike
61.6%
In the middle of 2 bad optionsBetween A Rock And A Hard Place
59.7%
Inquisitive behavior leads to dangerCuriosity Killed The Cat
55.6%
Saving money is making moneyA Penny Saved Is A Penny Earned
53.4%
Family bond is closer than anything elseBlood Is Thicker Than Water
52%
Never put all your assets in one ventureDon't Put All Your Eggs In One Basket
52%
Sorry for cussing (swearing)Excuse my French
49.3%
Will be accomplished with no problem A Piece of Cake
39%
Avoiding the main issue with small talkBeating Around the Bush
38.4%
Very mild punishmentSlap on the Wrist
38.1%
Never act ungrateful when given a giftDon't Look A Gift Horse In The Mouth
36.5%
Waiting room for TV show guestsGreen Room
34.9%
Almost victorious, but just shortClose but no Cigar
33%
Don't hurt or upset anyone that helps youNever Bite The Hand That Feeds You
32.4%
Don't rely on something until you truly have Don't count your chickens before they hatch
31.6%
Accidentally tell a secretLet The Cat Out Of The Bag
28.3%
Literal Meaning Idiom % Correct
To force an issue that has long endedBeating A Dead Horse
25.1%
Get to the main point of your statementCut to the Chase
24.8%
Mistreated the same way you mistreat othersTaste Of Your Own Medicine
22.9%
To say or answer something exactly rightHitting The Nail On The Head
21.5%
Be patient; don't go yet; calm downHold Your Horses
21.5%
Intuition based on little or no evidenceGut Feeling
20.2%
Everything; All of itThe Whole Nine Yards
19.9%
Savings set aside for future use or retirementNest Egg
19.1%
A large number of people falling ill or dyingDropping Like Flies
18.8%
Something good masked by something badA Blessing In Disguise
18.5%
Crossing the middle of a busy street Jaywalk
18.5%
Anything common, cheap and easy to getA Dime A Dozen
14.4%
Threatening but unwilling to fightAll Bark And No Bite
12.5%
You cannot change who someone isA Leopard Can't Change its Spots
11.7%
A bad first start on a relationship or taskGetting Off On The Wrong Foot
11.2%
Starting over after an attempt failsBack To The Drawing Board
8.2%

You're not logged in!

Compare scores with friends on all Sporcle quizzes.
Join for Free
OR
Log In

You Might Also Like...

Show Comments

Extras

Created Jan 15, 2010SourceReportNominate
Tags:idiom, literal, phrase

Top Quizzes Today


Score Distribution

Your Account Isn't Verified!

In order to create a playlist on Sporcle, you need to verify the email address you used during registration. Go to your Sporcle Settings to finish the process.

Report this User

Report this user for behavior that violates our Community Guidelines.

Details: